000 00542nam a2200193Ia 4500
003 GCL
008 140319s9999 xx 000 0 eng d
040 _aGCL /
_cGCL
082 0 4 _a631.417
_bM S
100 1 _aMULONGOY, K.
245 1 0 _aSoil Organic MatterDynamics and Sustainability of Tropical Agriculture. /
_cMULONGOY, K.
700 1 _aMERCHX, R.
260 _a[S.N] :
_bJOHN WILEY AND SONS. INC ،
_c1993
300 _a392 P
650 0 4 _aSOIL
650 0 4 _aORGANIC COMPOUNDS
650 0 4 _aAGRICULTURE - TROPICS
942 _2ddc
_cBK
999 _c16726
_d16726